ՀՀ Գիտությունների ազգային ակադեմիայի հիմնարար գիտական գրադարան  =   Fundamental Scientific Library of NAS RA

Быт греков и римлян / (Record no. 494740)

MARC details
000 -LEADER
fixed length control field 00991nam a2200229 a 4500
001 - CONTROL NUMBER
control field 000809777
003 - CONTROL NUMBER IDENTIFIER
control field AM-YeHGA
005 - DATE AND TIME OF LATEST TRANSACTION
control field 20250617162730.0
008 - FIXED-LENGTH DATA ELEMENTS--GENERAL INFORMATION
fixed length control field 110516s1878 xr a r 000 0 rus d
040 ## - CATALOGING SOURCE
Original cataloging agency AM-YeHGA
041 1# - LANGUAGE CODE
Language code of text/sound track or separate title rus
Language code of original cze
090 ## - LOCALLY ASSIGNED LC-TYPE CALL NUMBER (OCLC); LOCAL CALL NUMBER (RLIN)
-- 498129
100 1# - MAIN ENTRY--PERSONAL NAME
Personal name Велишский, Франтишек Ф.,
Dates associated with a name 1840-1883
245 10 - TITLE STATEMENT
Title Быт греков и римлян /
Statement of responsibility, etc. Соч. Ф.Ф. Велишского; Пер. с чеш. чл. Киев. отд. О-ва клас. филологии и педагогики под ред. И.Я. Ростовцева.
260 ## - PUBLICATION, DISTRIBUTION, ETC.
Place of publication, distribution, etc. Прага :
Name of publisher, distributor, etc. Тип. И. Милиткий и Новак,
Date of publication, distribution, etc. 1878.
300 ## - PHYSICAL DESCRIPTION
Extent XVI, 670 с. :
Other physical details ил. ;
Dimensions 23 см.
500 ## - GENERAL NOTE
General note Указ.: с. 629-668 на греч., лат. и рус. яз.
650 14 - SUBJECT ADDED ENTRY--TOPICAL TERM
Topical term or geographic name entry element История
Geographic subdivision Древняя Греция
650 14 - SUBJECT ADDED ENTRY--TOPICAL TERM
Topical term or geographic name entry element История
Geographic subdivision Древний Рим
700 1# - ADDED ENTRY--PERSONAL NAME
Personal name Ростовцев, Яков Иванович
Relator term ред.
Relationship edt
942 ## - ADDED ENTRY ELEMENTS (KOHA)
Source of classification or shelving scheme Universal Decimal Classification
Koha item type Գրքեր / Books
Holdings
Withdrawn status Lost status Damaged status Not for loan Collection Home library Current library Date acquired Total checkouts Full call number Barcode Date last seen Price effective from Koha item type Public note Source of classification or shelving scheme
        General Fundamental Scientific Library Fundamental Scientific Library 03/06/2019   РД II/61364 FL0582582 03/06/2019 03/06/2019 Գրքեր / Books 30 Days Loan  
        General Fundamental Scientific Library Fundamental Scientific Library 28/02/2022   РII/71100 FL0674105 28/02/2022 28/02/2022 Գրքեր / Books 30 Days Loan  
        Kusikian Individual Collection Fundamental Scientific Library Fundamental Scientific Library 20/03/2025   Кус/1706 FL0686290 20/03/2025 20/03/2025 Գրքեր / Books ILL Non-Circ. Universal Decimal Classification


ՀՀ ԳԱԱ հիմնարար գիտական գրադարան
ՀՀ,Երևան 0019
Մարշալ Բաղրամյան 24/6
հեռախոս:(374-10) 52-47-50
Հետադարձ կապ

All site content, except where otherwise noted, is licensed under a
Creative Commons License